Indian social and economic development 1994 : (Record no. 5545)
[ view plain ]
| 000 -LEADER | |
|---|---|
| fixed length control field | 01579cam a2200349 a 4500 |
| 001 - CONTROL NUMBER | |
| control field | 5545 |
| 003 - CONTROL NUMBER IDENTIFIER | |
| rucl marc code | BD-RjUL |
| 005 - DATE AND TIME OF LATEST TRANSACTION | |
| control field | 20211208234102.0 |
| 008 - FIXED-LENGTH DATA ELEMENTS--GENERAL INFORMATION | |
| fixed length control field | 131226s1995 ii r i 0 0 0eng c |
| 020 ## - INTERNATIONAL STANDARD BOOK NUMBER | |
| International Standard Book Number | 817036454X (in-hb) |
| International Standard Book Number | 0803992262 (us-hb) |
| 035 ## - SYSTEM CONTROL NUMBER | |
| System control number | (BD-RjUL)5581 |
| -- | (OCoLC)ocm18354923 |
| 040 ## - CATALOGING SOURCE | |
| Original cataloging agency | ICRL |
| Language of cataloging | eng |
| Transcribing agency | ICRL |
| Modifying agency | TxU |
| -- | MH |
| -- | DLC |
| -- | NIC |
| -- | NST |
| -- | MiU |
| -- | NST |
| -- | InU |
| -- | NST |
| -- | DLC |
| -- | MH |
| -- | BD-RjUL |
| 041 ## - LANGUAGE CODE | |
| Language code of text/sound track or separate title | eng |
| 082 00 - DEWEY DECIMAL CLASSIFICATION NUMBER | |
| Classification number | 306.0954 |
| Edition number | 19 |
| Author mark and year | IND 1995 |
| 245 10 - TITLE STATEMENT | |
| Title | Indian social and economic development 1994 : |
| Statement of responsibility, etc. | CENDIT (Centre for Development of Instructional Technology). |
| Remainder of title | an index to the literature / |
| 260 ## - PUBLICATION, DISTRIBUTION, ETC. (IMPRINT) | |
| Place of publication, distribution, etc. | New Delhi : |
| Name of publisher, distributor, etc. | Sage, |
| Date of publication, distribution, etc. | c1988-1995. |
| 300 ## - PHYSICAL DESCRIPTION | |
| Pagination | 201p. ; |
| Size | 22 cm. |
| 500 ## - GENERAL NOTE | |
| General note | "An index to the literature." |
| 504 ## - BIBLIOGRAPHY, ETC. NOTE | |
| Bibliography, etc | Include index. |
| 515 ## - NUMBERING PECULIARITIES NOTE | |
| Numbering peculiarities note | Vol. for 1987 covers 1980-June 1987. |
| 651 #0 - SUBJECT ADDED ENTRY--GEOGRAPHIC NAME | |
| Geographic name | India |
| General subdivision | Social conditions |
| Chronological subdivision | 1947- |
| General subdivision | Periodicals |
| Form subdivision | Indexes |
| -- | Periodicals. |
| 9 (RLIN) | 17366 |
| Geographic name | India |
| General subdivision | Economic conditions |
| Chronological subdivision | 1947- |
| General subdivision | Periodicals |
| Form subdivision | Indexes |
| -- | Periodicals. |
| 9 (RLIN) | 17367 |
| 710 2# - ADDED ENTRY--CORPORATE NAME | |
| Corporate name or jurisdiction name as entry element | Centre for Development of Instructional Technology. |
| 9 (RLIN) | 17368 |
| 776 08 - ADDITIONAL PHYSICAL FORM ENTRY | |
| Relationship information | Online version: |
| Title | Indian social and economic development |
| Record control number | (OCoLC)557564943 |
| Relationship information | Online version: |
| Title | Indian social and economic development |
| Record control number | (OCoLC)594106595 |
| 942 ## - ADDED ENTRY ELEMENTS (KOHA) | |
| Source of classification or shelving scheme | Dewey Decimal Classification |
| Koha item type | Books |
| Lost status | Source of classification or shelving scheme | Damaged status | Not for loan | Collection code | Permanent Location | Current Location | Shelving location | Date acquired | Source of acquisition | Cost, normal purchase price | Total Checkouts | Full call number | Date last seen | Copy number | Koha item type |
|---|---|---|---|---|---|---|---|---|---|---|---|---|---|---|---|
| Dewey Decimal Classification | Non-fiction | Central Library, University of Rajshahi | Central Library, University of Rajshahi | 05/06/1999 | Dhaka, Ankur Prakashani | 279.00 | 306.0954 IND 1995 | 26/12/2013 | C-2 | Books |